All Elder Dragons in Monster Hunter - Statistics

General Stats
  • This quiz has been taken 23 times
    8 since last reset
  • The average score is 50 of 56
Answer Stats
Generation Answer % Correct
3rd Generation Alatreon
100%
3rd Generation Amatsu
100%
2nd Generation Chameleos
100%
1st Generation Crimson Fatalis
100%
4th Generation Dalamadur
100%
3rd Generation Dire Miralis
100%
1st Generation Fatalis
100%
5th Generation Gaismagorm
100%
4th Generation Gogmazios
100%
1st Generation Kirin
100%
5th Generation Kulve Taroth
100%
2nd Generation Kushala Daora
100%
1st Generation Lao Shan Lung
100%
2nd Generation Lunastra
100%
5th Generation Malzeno
100%
4th Generation Nakarkos
100%
5th Generation Namielle
100%
5th Generation Nergigante
100%
4th Generation Oroshi Kirin
100%
5th Generation Primordial Malzeno
100%
5th Generation Safi'jiiva
100%
4th Generation Shagaru Magala
100%
5th Generation Shara Ishvalda
100%
2nd Generation Teostra
100%
5th Generation Thunder Serpent Narwa
100%
5th Generation Vaal Hazak
100%
4th Generation Valstrax
100%
5th Generation Velkhana
100%
5th Generation Wind Serpent Ibushi
100%
5th Generation Xeno'jiiva
100%
5th Generation Zorah Magdaros
100%
1st Generation Ashen Lao Shan Lung
80%
5th Generation Behemoth
80%
5th Generation Blackveil Vaal Hazak
80%
3rd Generation Ceadeus
80%
5th Generation Crimson Glow Valstrax
80%
4th Generation Dah'ren Mohran
80%
3rd Generation Goldbeard Ceadeus
80%
3rd Generation Hallowed Jhen Mohran
80%
3rd Generation Jhen Mohran
80%
5th Generation Narwa the Allmother
80%
2nd Generation Old Fatalis
80%
5th Generation Risen Chameleos
80%
5th Generation Risen Crimson Glow Valstrax
80%
5th Generation Risen Kushala Daora
80%
5th Generation Risen Shagaru Magala
80%
5th Generation Risen Teostra
80%
5th Generation Ruiner Nergigante
80%
2nd Generation Rusted Kushala Daora
80%
4th Generation Shah Dalamadur
80%
2nd Generation Yama Tsukami
80%
Stories 3 Aenshin
60%
Stories 1 Makili Pietru
60%
Stories 2 Oltura
60%
Stories 1 Versa Pietru
60%
Stories 3 Feral Yama Tsukami
20%
No matching quizzes found
Score Distribution
Percent of People with Each Score
Percentile by Number Answered
Your Score History
You have not taken this quiz since the last reset